000 00438nam a2200133Ia 4500
008 100328s9999 xx 000 0 und d
082 _b57573
100 _aभोळे भास्कर लक्ष्मण
245 _aसाहित्य प्रत्यय
260 _bस्वरुप
630 _aसाहित्य प्रत्यय
730 _aसाहित्य प्रत्यय
942 _cBOOK
999 _c544012
_d544009